000 01071naa a22003137a 4500
001 BR9510660
003 BR-BrBNA
005 20240918181758.0
007 ta
008 230509b bl.||||| |||| 00| 0 por d
040 _aBR-BrBNA
_bpor
_cBiblioteca Nacional de Agricultura
041 _a(Pt)
072 _aH20
_b2480
_b4120
090 _aH20 BR9510660
100 1 _aLynage, A. de S.
100 1 _aChee, K.H.
111 1 _a3. Seminario Nacional da Seringueira
_cManaus, AM (Brazil)
_d23-29 Jun 1980
245 1 _aA ocorrencia de uma esturpe verulenta de Microcyclus ulei em Hevea em Trinidad
260 3 _aBrasilia, DF (Brasil):
_c1980.
500 _aAnais do 3. Seminario Nacional da Seringueira Brasilia, DF (Brasil): 1980. p. 52-61 (BR9510660-AM)H20
650 _aSeringueira
650 _aClone
650 _aFungo
650 _aMal das Folhas
650 _aInfeccao
773 0 _tAnais do 3. Seminario Nacional da Seringueira
_b
_wH20 BR9510660
_gBrasilia, DF (Brasil), 1980. p. 52-61
909 _a202404
_bLucia
_c55
_dLucia Elande
942 _cAM
_2AGRIS
999 _c326782
_d326782